Evaluación y Ampliación del Sistema de Abastecimiento de Agua Potable, Reparto Las Palmera, Chichigalpa
El presente estudio tiene como objetivo presentar un proyecto de diseño de abastecimiento de agua potable mediante la aplicación de la teoría y normas que regulan el comportamiento del sistema del cual se dispone en nuestro medio de parámetros establecidos en códigos generalizados o establecido...
| Main Author: | |
|---|---|
| Other Authors: | |
| Format: | Tesis Section = Libro |
| Language: | Undetermined Spanish |
| Published: |
Managua
UNI
1993
|
| Subjects: |
| LEADER | 01323nam a2200241Ia 4500 | ||
|---|---|---|---|
| 008 | 240830s9999 xx 000 0 und d | ||
| 040 | |a BIBLIOTECA-RUPAP MON 628.1 C957 | ||
| 041 | |a spa | ||
| 082 | |a MON 628.1 C957 | ||
| 100 | 1 | |a Cruz López, José Feliciano | |
| 245 | 1 | 0 | |a Evaluación y Ampliación del Sistema de Abastecimiento de Agua Potable, Reparto Las Palmera, Chichigalpa |
| 260 | |a Managua |b UNI |c 1993 | ||
| 300 | |a 98 p. :il. | ||
| 500 | |a Contiene: planos. | ||
| 502 | |a Tesis (Ingeniero Civil)- UNI, 1993. | ||
| 520 | 3 | |a El presente estudio tiene como objetivo presentar un proyecto de diseño de abastecimiento de agua potable mediante la aplicación de la teoría y normas que regulan el comportamiento del sistema del cual se dispone en nuestro medio de parámetros establecidos en códigos generalizados o establecidos de acuerdo a la experiencia de diseñadores. El reparto las palmeras, Chichigalpa cuenta con características favorables para la realización del diseño, tanto por su adecuada distribución como por sus características topográficas. | |
| 650 | 7 | |a AGUA - ABASTECIMIENTO | |
| 650 | 7 | |b AGUA POTABLE - CHICHIGALPA - NICARAGUA | |
| 650 | 7 | |c INGENIERIA CIVIL- MONOGRAFIA | |
| 700 | 1 | |a Tutor: |b Lanza Mejía, Nestor Javier | |
| 942 | |c BK |2 ddc | ||
| 991 | |a TESIS | ||
| 999 | |c 16217 | ||